[Event "New York op"]
[Site "New York"]
[Date "1998.03.16"]
[Round "2"]
[White "Tiviakov, Sergei"]
[Black "Miezis, Normunds"]
[Result "1/2-1/2"]
[WhiteElo "2640"]
[BlackElo "2505"]
[Annotator "Ribli,Z"]
[PlyCount "59"]
[EventDate "1998.03.16"]
[EventType "swiss"]
[EventRounds "9"]
[EventCountry "USA"]
[SourceTitle "CBM 064"]
[Source "ChessBase"]
[SourceDate "1998.06.02"]
[SourceVersion "1"]
[SourceVersionDate "1998.06.02"]
[SourceQuality "1"]

1. e4 c5 2. Nf3 e6 3. d4 cxd4 4. Nxd4 a6 5. Nc3 Qc7 6. Bd3 Nc6 $5 (6... Nf6) 7.
Nxc6 dxc6 {Schwarz spielt ähnlich wie in der Variante l.e4 c5 2.Nf3 e6 3.d4
cxd4 4.Nxd4 a6 5.Bd3 Nc6 6.Nxc6 dxc6. Der Unterschied besteht nur im Zugpaar ..
.Qc7 und Nc3. Ribli.} (7... bxc6 8. O-O Nf6 9. f4 d5 10. Qf3 Be7 11. Kh1 O-O (
11... Bb7) 12. Bd2 Nd7 (12... Bb7 13. Qh3 {[%csl Rg8,Gh3][%cal Gh3h7] Da der
schwarze Damenläufer auf b7 plaziert ist, findet die Q auf h3 ein gutes Feld.})
(12... c5 13. exd5 (13. e5 Nd7 14. f5 $5 $13) 13... Bb7 14. d6 (14. Bc4 exd5
15. Nxd5 Nxd5 16. Bxd5 Bxd5 17. Qxd5 Rad8 $19 {[%cal Rd8d2]}) 14... Bxd6 15.
Ne4 $14) 13. Na4 (13. f5 $5) 13... Bb7 14. c4 dxe4 15. Qxe4 (15. Bxe4 $6 f5 16.
Bc2 c5 17. Qe3 Qc6 (17... Rf6 18. Bd1 {[%cal Gd1f3]}) 18. Rf2 Rae8 $15) 15...
Nf6 16. Qe2 c5 $11 {[%csl Gb7][%cal Gb7h1]}) 8. O-O (8. a4 $5) (8. f4 e5 $13 (
8... Bc5 9. e5 $14 {[%cal Gc3e4]} (9. Qg4 $14 {[%cal Rg4g7]}))) 8... e5 {
Weiß hat Entwicklungsvorsprung, aber die Bauernstruktur ist symmetrisch.} 9. f4
Nf6 (9... exf4 10. Bxf4 $32) 10. Kh1 (10. Qe1 Be7 11. fxe5 Ng4 12. Bf4 Be6 13.
Nd1 g5 14. Bg3 h5 15. Be2 O-O-O 16. Bxg4 hxg4 17. Ne3 Bc5 {0-1 Kogan,
A-Martorelli,A/Catania op 1995 (27)}) (10. fxe5 $6 Ng4 {[%cal Rg4e5]} 11. Bc4
Nxe5 $15) (10. Bc4 b5 11. Bb3 Bd6 $11) 10... Bd6 (10... Bc5 11. a4 (11. Qf3 Ng4
12. Bc4 Qe7 13. Qg3 h5 14. f5 Bd7 15. Bd2 O-O-O 16. Bd3 g6 17. f6 Qd6 18. h3
Ba7 19. Bg5 Qc5 20. Rae1 Nf2+ 21. Kh2 Ng4+ 22. Kh1 Nf2+ 23. Kh2 Ng4+ 24. Kh1
Nf2+ {1/2-1/2 Iordachescu,V-Solak,D/WchJM-U20 1995}) 11... a5 12. f5 h5 13. Qf3
Ng4 14. Bg5 f6 15. Bh4 Bd7 16. Nb1 Qb6 17. Nd2 Ke7 18. Be2 Rad8 19. Nc4 Qc7 20.
Qg3 Be8 21. h3 Rh7 {0-1 Bologan,V-Miezis,N/Biel open 1993 (41)}) 11. f5 (11.
fxe5 $6 Bxe5 $15 {[%csl Ge5]}) 11... b5 (11... h5 12. Be3 $1 b5 13. a4 b4 $6
14. Nb1 Qe7 15. Nd2 Ng4 16. Bg1 Bc5 17. Rf3 Bb7 18. Nb3 Bxg1 19. Qxg1 Rd8 20.
Qb6 Rh6 21. Nc5 Bc8 22. Qxb4 Rhd6 23. Raf1 Bxf5 24. Rxf5 Qh4 25. h3 Ne3 26.
Rxe5+ {1-0 Lanka,Z-Rodewis,T/NRW-I 1992}) (11... O-O 12. g4 $36 {[%csl Rg8]})
12. Bg5 (12. a4 Rb8 13. Be3 Qe7 14. Qf3 Nd7 15. Qh5 Nf6 16. Qg5 Kf8 17. Qh4 h6
18. g4 Kg8 19. Rg1 Bb7 20. g5 {1/2-1/2 Gallagher,J-Dizdarevic,E/SWZ-GP 1990}) (
12. g4 $6 {ist weniger effektiv, wenn Schwarz noch nicht kurz rochiert hat.} h6
) 12... Bb7 $1 $146 {Es ist interessant, daß dieser normale Entwicklungszug
noch nicht erprobt worden ist. Nach dem Textzug bekommt Schwarz die
Möglichkeit zu ...Rd8.} (12... Be7 13. a4 Bb7 14. Qf3 h6 15. Be3 O-O 16. b3 Bb4
17. Nd1 c5 18. c3 c4 19. bxc4 bxc4 20. Bc2 Bc5 21. Nf2 Rab8 22. Rab1 Ba8 {
Mamadshoev,M-Nijboer,F/Erevan olm 1996/1/2-1/2 (59)}) 13. a4 (13. Bxf6 gxf6 $13
{Der Doppelbauer ist nicht von großer Bedeutung, weil Schwarz starke Kontrolle
auf den schwarzen Feldern ausübt.}) 13... Bc5 14. Qe2 h5 $13 {Jetzt kann
Schwarz nicht mehr rochieren, aber aufgrund des geschlossenen Zentrums steht
sein König in der Mitte sicher.} 15. Nd1 {Weiß möchte seine Springerstellung
verbessern.} Rd8 16. Rf3 {[%cal Gf3h3,Gh3h5] Weiß aktiviert seinen Turm und
bereitet Spiel gegen den Ph5 vor.} (16. Be3 Qd6 $11) 16... Qd6 17. Rh3 (17. c3
$5 {Der weiße Plan ist, Bc2 nebst Nd1-f2-d3 zu spielen, und zugleich das
schwarze Gegenspiel mit 17...Qd4 zu unterbinden.} Rd7 18. Rh3 Ng4 (18... Ke7
19. Bc2 Rhd8 20. Rxh5 $14) 19. Qxg4 Qxd3 $1 (19... hxg4 20. Rxh8+ $18) 20. Rxd3
(20. Rxh5 $4 Qf1#) 20... hxg4 21. Rxd7 Kxd7 $11) 17... Qd4 {[%cal Rd4g1]} 18.
Be3 Qd6 19. Bg5 Qd4 {Schwarz (135 Ratingpunkte weniger als sein Kontrahent)
signalisiert, daß er mit einem Remis zufrieden wäre.} 20. Qe1 (20. Ne3 Qxb2 $15
) 20... Rd7 21. Be3 Qd6 22. Rg3 Bxe3 {Der Tausch der schwarzfeldrigen Läufer
ist für Schwarz strategisch von Vorteil, denn der verbleibende weiße Bd3 steht
passiv.} 23. Nxe3 Qd4 24. Rxg7 {Weiß spielt auf Risiko, er gibt den wichtigen
Pe4 für den schwarzen g-Bauern.} (24. Nd1 Kf8 (24... O-O $11)) 24... Nxe4 25.
Rd1 Nf6 $15 26. axb5 axb5 (26... cxb5 $2 27. Bxb5 {[%cal Rd1d7,Rb5e8]} Qxd1 (
27... Qxe3 28. Qxe3 $18 {und leider ist der schwarze Turm gefesselt.}) 28. Nxd1
axb5 $16) 27. c3 (27. Bxb5 $2 Qxe3 28. Qxe3 Rxd1+ 29. Qg1 Rxg1+ 30. Kxg1 cxb5
$19) 27... Qf4 {[%csl Gf4,Rg7]} 28. Rg3 {Weiß hat Probleme damit, seine
Figuren zu koordinieren.} (28. g3 $2 Qh6 $19 {[%csl Rg7]}) 28... e4 (28... Ke7
$15) 29. Bc2 Rxd1 30. Qxd1 {Und hier wurde remis gegeben. Meiner Meinung nach
besitzt Schwarz dank seines guten Figurenspiels die etwas besseren Aussichten.}
(30. Qxd1 Ke7 $15 31. Qd4 Ra8 {[%cal Ra8a1]} 32. Qb6 (32. Qc5+ Qd6 33. Qxd6+
Kxd6 $15 {[%csl Gd6] und der schwarze König steht gut im Zentrum.}) (32. Rf3
Qd6 $15) 32... Ra1+ 33. Bd1 Qxe3 $19) 1/2-1/2

[Event "EU-chT (Men) 13th"]
[Site "Leon"]
[Date "2001.11.15"]
[Round "9.1"]
[White "Moreno Carnero, Javier"]
[Black "Kengis, Edvins"]
[Result "1-0"]
[WhiteElo "2514"]
[BlackElo "2561"]
[Annotator "Ribli,Z"]
[PlyCount "47"]
[EventDate "2001.11.06"]
[EventType "team-swiss"]
[EventRounds "9"]
[EventCountry "ESP"]
[SourceTitle "CBM 086"]
[Source "ChessBase"]
[SourceDate "2002.02.05"]
[SourceVersion "1"]
[SourceVersionDate "2002.02.05"]
[SourceQuality "1"]
[WhiteTeam "Spain II"]
[BlackTeam "Latvia"]
[WhiteTeamCountry "ESP"]
[BlackTeamCountry "LAT"]

1. e4 c5 2. Nf3 e6 3. d4 cxd4 4. Nxd4 a6 5. Be2 {Eine seltene Fortsetzung -
die Alternativen  (5.Bd3, 5.Nc3 und 5.c4) werden häufiger gespielt.} Nf6 6. Nc3
Qc7 7. O-O Bb4 (7... Nc6) 8. Bg5 (8. Qd3) (8. Bd2 Bxc3 9. Bxc3 Nxe4 10. Bb4 $44
) 8... Bxc3 (8... Nc6 9. Nxc6 (9. Kh1 {Dieser Zug führt - durch Zugumstellung
- in eine populäre Variante.}) 9... dxc6 10. Qd4 Bd6 11. Bxf6 gxf6 12. Qxf6
Bxh2+ 13. Kh1 Be5 14. Qh4 Qe7 15. Qh5 Bxc3 16. bxc3 e5 17. Bc4 $14 {1/2-1/2
Ozolin,M-Landa,K/Perm 1997/CBM 58/[Ribli] (47)}) 9. Bxf6 (9. bxc3 $2 Nxe4 $17)
9... gxf6 (9... Bxb2 $2 10. Bxg7 Bxa1 (10... Rg8 11. Nxe6 $16) 11. Bxh8 Bxd4
12. Qxd4 $16) 10. bxc3 d6 (10... Qxc3 11. Rb1 $44 (11. f4 b5 12. a4 b4 13. Kh1
Bb7 14. Bf3 Qc7 15. e5 {1-0 Ricardi,P-Kovacevic,S/Ubeda 1999/CBM 68 ext (68)})
(11. Bh5 $1 $44) 11... Nc6 12. Nxc6 dxc6 (12... Qxc6 13. Qd4 e5 14. Qe3 b5 15.
a4 {1-0 Cooke,E-Sammour Hasbun,J/New York 1991/EXT 2000 (23)}) 13. Rb3 Qc5 (
13... Qe5 14. f4 Qc5+ 15. Kh1 b5 16. Rd3 Qe7 17. f5 $5 e5 18. Qd2 Ra7 19. Rd1
$1 Rd7 20. Rxd7 $1 Bxd7 {[#]} 21. c4 $3 {1-0 Balinov,I-Palos,O/Vienna 1996/CBM
55 ext/[Balinov] (49)}) 14. Qd2 h5 15. Rd1 Ke7 16. Rd3 {[%cal Gd1d8]} Qb6 17.
e5 $1 {1-0 Tal,M-Hamann,S/Kislovodsk 1966/MCL (17)}) (10... h5 11. f4 (11. Bxh5
$2 Qe5 12. g4 Qxe4 $17) 11... b6 12. Qd3 Bb7 13. Rab1 {1/2-1/2 Ricardi,
P-Bellon Lopez,J/Buenos Aires 1994/CBM 42 (50)}) (10... Nc6) 11. f4 Nd7 (11...
Qxc3 12. Rb1 $44) 12. Bh5 {[%csl Gh5][%cal Gh5e8] Droht 13.Nxe6.} Nc5 13. Qg4 {
[%cal Rg4g7]} Kf8 {Schwarz verteidigt sich gegen 14.Nxe6 und verhindert das
Eindringen der Dame auf g7.} (13... Nxe4 14. Nxe6 Qb6+ 15. Kh1 Ke7 (15... Nf2+
16. Rxf2 Qxf2 17. Qg7 $18) 16. f5 (16. Bxf7 Kxf7 17. f5 Ng5 18. Qh5+ Ke7 19.
Nxg5 $18) 16... Nf2+ 17. Rxf2 Qxf2 18. Bxf7 $18) 14. Rae1 e5 $2 (14... Nxe4 15.
f5 exf5 16. Qf4 Rg8 17. Nxf5 Qc5+ 18. Nd4 $40) {[#]} 15. Qh4 $1 {[%mdl 512]
Durch dieses Figurenopfer bekommt Weiß sehr starken Angriff.} (15. Nf5 Rg8 $13)
15... exd4 (15... Nd7 16. Nf5 $16) 16. Qxf6 Rg8 17. cxd4 $44 {[%mdl 128] Weiß
hat zwei Bauern und eine aussichtsreiche Angriffsstellung für die Figur.} Bh3 (
17... Ne6 18. f5 Ng7 19. Qh6 Qb6 20. c3 $5 (20. f6 Qxd4+ 21. Kh1 $16) 20... Ke8
21. Qxh7 Kf8 22. Bxf7 $1 Kxf7 23. Qg6+ Kf8 24. Qf6+ Ke8 25. e5 $18) 18. Bf3 {
Jetzt hängt zum einen der Nc5, und zum anderen droht 19.Qh6+.} Bxg2 $2 {
Dieser Zug ist schlecht, aber guter Rat ist hier schon teuer.} (18... Ne6 19.
Qh6+ Rg7 20. Qxh3 Qxc2 (20... Nxf4 21. Qf5 $16) (20... Nxd4 21. Rf2 $16) 21.
Qh6 $40) 19. Bxg2 Nxe4 20. Rxe4 Rxg2+ 21. Kxg2 Qxc2+ {Das wäre die Pointe des
schwarzen Spiels gewesen: er scheint den Turm zurück zu gewinnen - tatsächlich
verliert er jedoch die Partie.} 22. Kf3 (22. Kh3 Qxe4 23. Qh8+ Ke7 24. Qxa8 $18
) 22... Qd3+ 23. Kf2 Qxe4 24. Qh6+ $18 (24. Qh6+ Ke7 (24... Kg8 25. Rg1+ $18 {
[%cal Rg1g8]}) 25. Re1 $18 {[%cal Re1e7]}) 1-0

[Event "Ciocaltea Memorial"]
[Site "Bucharest"]
[Date "1999.03.12"]
[Round "9"]
[White "Iordachescu, Viorel"]
[Black "Ionescu, Constantin"]
[Result "1/2-1/2"]
[WhiteElo "2539"]
[BlackElo "2482"]
[Annotator "Ribli,Z"]
[PlyCount "45"]
[EventDate "1999.03.04"]
[EventType "tourn"]
[EventRounds "13"]
[EventCountry "ROU"]
[EventCategory "10"]
[SourceTitle "CBM 070"]
[Source "ChessBase"]
[SourceDate "1999.06.08"]
[SourceVersion "1"]
[SourceVersionDate "1999.06.08"]
[SourceQuality "1"]

{[%mdl 72]} 1. e4 c5 2. Nf3 e6 3. d4 cxd4 4. Nxd4 a6 5. Nc3 b5 {Diese
aggressive Fortsetzung führt zu scharfem Spiel. Weiß hat großen
Entwicklungsvorsprung, aber Schwarz kann die Entwicklung seines Königsflügels
in Abhängigkeit des weißen Spiels beenden. Ribli.} 6. Bd3 Bb7 (6... Qb6 $5) 7.
O-O Nc6 (7... d6) (7... Ne7 8. Bg5 f6 9. Be3 Nbc6 10. Nxc6 Nxc6 11. f4 $14) (
7... Qc7 8. Re1 Nc6 9. Nxc6 Bxc6 10. Nd5 $14) 8. Nxc6 Bxc6 (8... dxc6 9. e5 Ne7
10. Qh5 Qc7 11. Re1 Ng6 12. Bxg6 fxg6 13. Qg4 Qf7 14. Ne4 Qf5 15. Qh4 c5 16.
Nd6+ Bxd6 17. exd6 O-O 18. Bg5 {1-0 Emms,J-Crouch,C/ENG-chT9697 1997/EXT 99 
(47)}) 9. Re1 (9. Qe2 Ne7 (9... Nf6 $6 10. e5 Nd5 11. Nxd5 (11. Ne4 Nb4 12. Bg5
Qb8 $13) 11... Bxd5 12. a4 $14) 10. a4 (10. f4 b4 11. Nd1 Ng6 12. Be3 Qa5 13.
Nf2 Bc5 14. Ng4 h5 15. Nf2 Qb6 16. Nd1 e5 17. fxe5 Nxe5 18. h3 d6 {1/2-1/2
Tolnai,T-Smirin,I/Komotini 1992/CBM 32 ext (22)}) 10... b4 11. Nd1 a5 12. Ne3
Ng6 13. Bb5 Qc7 14. Nc4 Bc5 15. b3 O-O 16. Be3 Bxe3 17. Qxe3 Rfb8 18. Bxc6 Qxc6
19. e5 {1-0 Van Riemsdijk,H-Perdomo,C/Elista 1998/CBM 66 ext (31)}) (9. a4 b4
10. Na2 Nf6 11. Bg5 Qa5 12. Bxf6 gxf6 13. Qd2 Rg8 14. c3 Bd6 15. g3 bxc3 16.
Qxc3 Qxc3 17. Nxc3 Ke7 {0-1 Moor,R-Ilijin,N/Biel 1995/CBM 48 ext (45)}) 9...
Qb8 $5 $146 {Schwarz vermeidet das Motiv Nd5, das nach dem Textzug weniger
effektiv als nach 9...Qc7 wäre und droht, 10...Bd6 zu spielen.} (9... Nf6 10.
e5 b4 11. Ne4 Nxe4 12. Bxe4 Bxe4 13. Rxe4 d5 14. exd6 Qxd6 15. Qe2 Be7 16. a3
bxa3 17. b3 Qd5 18. Bxa3 Bxa3 19. Rxa3 O-O {1-0 Emms,J-Crouch,C/England 1998/
CBM 64 ext (41)}) (9... d6 10. a4 bxa4 (10... b4 11. Nd5 Qa5 12. c3 bxc3 13. b4
Qd8 14. Be3 {1-0 Gonzales,E-Juarez Flores,G/Novi Sad 1990/TD (49)}) 11. Nxa4
Nf6 12. b3 Be7 13. Nb2 a5 14. Nc4 O-O 15. Bd2 a4 16. b4 Qb8 17. Na5 Bd7 18. c4
{0-1 Galje,H-Mainka,G/Dortmund 1993/TD (47)}) 10. Qe2 (10. f4 Bc5+ 11. Kh1 b4
$13) (10. e5 b4 11. Nb1 {[%cal Gb1d2,Gd2c4]} Ne7 $13 (11... d6 12. Bf4 $14))
10... Bd6 {Es hängt h2 und Schwarz provoziert den Zug 11.e4-e5, nach dem der
c6-Läufer eine offene Diagonale bekommt.} (10... b4 11. Nd1 {[%csl Yc4][%cal
Gd1e3,Ge3c4]}) 11. e5 (11. g3 Be5 {[%csl Ge5]}) 11... Bc7 12. Bg5 $6 {פg8} (
12. Bf4 Ne7 13. Bg3 $14 {[%csl Ge5]}) {[#]} 12... Bxe5 $5 $13 {Nach dieser
Fortsetzung kann Schwarz die Damen tauschen.} (12... Ne7 $5 13. Bxe7 Kxe7 $13 {
Der König steht auf ersten Blick schlecht auf e7, aber das Zentrum ist
geschlossen, so daß keine großen Probleme auf den Schwarzen zukommen.}) 13.
Qxe5 Qxe5 14. Rxe5 f6 {[%cal Rf6g5,Rf6e5]} 15. Rc5 (15. Bxf6 Nxf6 $11 (15...
gxf6 16. Re3 Ne7 $11)) 15... fxg5 16. a4 $5 (16. Rxg5 Kf7 $11) 16... b4 (16...
bxa4 $6 17. Nxa4 (17. Rxg5 Kf7 18. Nxa4 $14) 17... h6 18. Nb6 Rb8 19. Rxa6 $14)
17. Na2 (17. Ne4 h6 $15 (17... Bxe4 $6 18. Bxe4 d5 19. Bd3 a5 20. Re1 Kf7 21.
Rc6 $14)) 17... a5 (17... Bxa4 $2 18. Nxb4 $16 {[%csl Ra4,Ra6]}) 18. Nc1 {
[%csl Ra5][%cal Rc1b3,Rb3a5]} Bd5 {[%csl Rc1][%cal Gd5b3]} 19. c4 (19. Nb3 Bxb3
20. cxb3 h6 $15) 19... bxc3 20. bxc3 {[%cal Gc3c4,Gc5g5]} (20. Rxc3 Ne7 $17 {
[%csl Yb4][%cal Ge7c6,Gc6b4]}) 20... Nf6 $1 $11 {Schwarz kann den Mehrbauern
nicht behaupten und beendet seine Entwicklung.} (20... h6 21. c4 Bc6 22. Nb3
$14) 21. c4 Be4 22. Rxg5 (22. Bxe4 Nxe4 23. Re5 Nd2 24. Rxg5 O-O) 22... O-O 23.
f3 {Und die Komplikationen sind überstanden und in gleicher Stellung wurde
remis vereinbart.} (23. f3 Bxd3 24. Nxd3 Rfc8 $11) 1/2-1/2

[Event "Mondariz zt 1.1"]
[Site "Mondariz"]
[Date "2000.09.03"]
[Round "1"]
[White "Galego, Luis"]
[Black "Hauchard, Arnaud"]
[Result "0-1"]
[WhiteElo "2419"]
[BlackElo "2539"]
[Annotator "Ribli,Z"]
[PlyCount "108"]
[EventDate "2000.09.03"]
[EventType "swiss"]
[EventRounds "11"]
[EventCountry "ESP"]
[SourceTitle "CBM 079"]
[Source "ChessBase"]
[SourceDate "2000.11.21"]
[SourceVersion "1"]
[SourceVersionDate "2000.11.21"]
[SourceQuality "1"]

1. e4 c5 2. Nf3 e6 3. Nc3 a6 4. d4 cxd4 5. Nxd4 b5 6. Bd3 Qb6 {Diese Spieweise
ist in letzter Zeit sehr populär. Schwarz möchte den Nd4 aus dem Zentrum
vertreiben.} 7. Be3 Bc5 8. Be2 {Das ist der Schlüsselzug für Weiß, erstmalig
auf Turnierebene gespielt in der Partie Yermolinsky,A - Smirin,I und später in
der Partie Svidler,P - Kasimdzhanov,R Hoogovens 1999.} (8. Nce2 Nf6 9. h3 Bb7
10. e5 Nd5 11. Qd2 (11. O-O Nc6 12. c3 Nxe3 13. fxe3 Nxe5 14. Ng3 Nxd3 15. Qxd3
O-O 16. Rae1 f5 {0-1 Hoiberg,N-Kveinys,A/Aarhus 1997/EXT 99 (33)}) 11... Nc6
12. Nxc6 Nxe3 13. Na5 Nxg2+ 14. Kd1 Bxf2 15. Nxb7 Ne3+ 16. Kc1 Qxb7 17. Rh2 Nf1
{0-1 Nielsen,F-Aagaard,J/Copenhagen 1999/CBM 71 ext (17)}) 8... Nc6 9. Nxc6
Bxe3 (9... dxc6 10. Bxc5 Qxc5 11. Qd3 {Das ist die Grundstellung der anderen
Variante. Weiß bereitet die lange Rochade vor.}) 10. fxe3 dxc6 11. Qd4 (11. Qd6
Ne7 12. O-O-O Ra7 13. Qd4 Qxd4 14. exd4 e5 15. d5 O-O 16. Rd2 cxd5 {1/2-1/2
Van der Wiel,J-Bosboom,M/Rotterdam 2000/CBM 77 (16)}) 11... Qxd4 12. exd4 e5 {
Dieses vorübergehende Baurnopfer ist praktisch erzwungen, sonst gelangt
Schwarz in eine passive Stellung.} 13. dxe5 (13. d5 Ne7 14. O-O-O Bd7 (14...
Ra7 15. a4 b4 16. Na2 a5 17. dxc6 Nxc6 18. Bb5 Rc7 19. Rd5 Be6 20. Bxc6+ Rxc6
21. Rxa5 {1-0 Yu Shaoteng-Ribshtein,N/Budapest 2000/CBM 76_02 (44)}) 15. b4 (
15. dxc6 Nxc6 16. Nd5 Ra7 17. c3 Be6 18. Rd2 O-O 19. Rhd1 h6 {1/2-1/2 Blehm,
P-Kengis,E/Cappelle la Grande 1999/EXT 2000 (27)}) 15... Ra7 16. Kb2 cxd5 17.
exd5 f5 18. a4 bxa4 19. Na2 Kf7 20. c4 Rb8 21. Ka3 Ng6 22. c5 Bb5 23. Bxb5 axb5
24. Rhe1 e4 {1/2-1/2 Nataf,I-Koch,J/Vichy FRA 2000/The Week in Chess 303 (54)})
13... Ne7 {[%cal Ge7g6,Gg6e5]} 14. Bh5 (14. a4 Rb8 15. axb5 axb5 16. Bh5 Ng6
17. Bxg6 hxg6 18. Ra7 (18. O-O-O b4 19. Na4 Rh5 20. Rd6 Rxe5 21. Rhd1 Bg4 22.
R1d4 c5 23. Rc4 Be6 24. Rxc5 Rxe4 25. b3 {1/2-1/2 De Firmian,N-Kengis,E/
Germany 1999/EXT 2000 (25)}) 18... Rh5 19. O-O Be6 20. Rc7 b4 21. Ne2 Bc4 (
21... Rxe5 22. Nd4 Bd7 23. Rxf7 Kxf7 24. Nxc6 Re7 25. Nxb8 Bb5 26. Rc5 Rb7 27.
Nc6 Bxc6 28. Rxc6 b3 29. Kf2 bxc2 30. Rxc2 {1-0 Mitkov,N-Bruzon,L/Lisbon POR
1999 (56)}) 22. Re1 Rxe5 23. Nd4 Rd8 24. c3 bxc3 25. Nxc6 Rb5 26. b3 Bxb3 27.
Nxd8 Kxd8 28. Rxc3 Be6 29. Ra1 {1-0 Volokitin,A-Kveinys,A/Lausanne SUI 2000/
The Week in Chess 291 (60)}) 14... Ng6 15. Bxg6 hxg6 {[%cal Gh8h5,Gh5e5]} 16.
O-O-O Rh5 {Dadurch gewinnt Schwarz den Bauern zurück - es entsteht eine
ausgeglichene Stellung.} 17. Rd6 Rxe5 18. Rxc6 $2 {[%mdl 8192] Ein
unglaublicher Fehler! Ich vermute, dass Weiß nur den Zug 18...Bb7 berechnete.}
(18. Rhd1 Bg4 19. R1d2 b4 20. Na4 Rxe4 21. b3 Rc8 22. R6d4 Re1+ 23. Kb2 Bf5 {
1/2-1/2 Shahade,G-Waitzkin,J/New York 1999/EXT 2000 (47)}) 18... Kd7 {So
einfach geht das. Weiß muss die Qualität geben.} 19. Rxc8 (19. Rb6 Kc7 {
[%csl Rb6]} 20. Nd5+ Rxd5 $19) 19... Rxc8 $17 {Weiß hat nur einen Bauern für
die Qualität, das ist deutlich zu wenig. Bei guter Technik muss Schwarz den
Materialvorteil umsetzen.} 20. a3 {Weiß verteidigt sich gegen 20...b4.} Ke6 21.
Kd2 Rg5 22. g3 Rh8 {[%cal Gh8h1,Rg5g3]} 23. Ne2 $8 Ke5 {[%csl Re4] Schwarz hat
nicht nur Materialvorteil, auch seine Figuren stehen aktiv.} 24. Kd3 Rg4 25. c3
(25. Nc3 Rxg3+ $19) 25... Rxe4 {[%mdl 1024]} 26. Nd4 f5 (26... Kd5 $5 27. a4
Rhe8 28. axb5 axb5 29. Nxb5 (29. Ra1 Re3+ 30. Kd2 b4 $17) 29... Re3+ 30. Kc2
Re2+ 31. Kb1 R8e3 $19) 27. a4 $8 {Das ist die einzige Chance für Weiß, etwas
Gegenspiel zu finden.} Rd8 (27... bxa4 28. Ra1 Rxh2 $4 29. Nf3+ $16 {[%cal
Rf3e5,Rf3h2]}) 28. axb5 axb5 29. Ra1 b4 {Damit entledigt sich Schwarz der
Schwäche b5.} 30. Ra4 bxc3 31. bxc3 Rd6 32. Ra7 Kf6 33. Kc4 Rc6+ 34. Kb4 (34.
Kd3 Rc8 $17) 34... Rb6+ 35. Kc5 Rb2 36. Ra6+ Kf7 37. Nf3 {Bei gutem schwarzen
Spiel kann Weiß die Partie nicht mehr retten, doch er hat noch ein paar
praktische Chancen.} Re3 {[%cal Re3c3,Re3f3]} 38. Ng5+ Ke7 39. Kd4 Ree2 (39...
Re1 $17) 40. Rxg6 Rxh2 41. Nf3 Rhf2 42. Ng5 (42. Rxg7+ $2 Kf6 $19) 42... Rbd2+
43. Kc4 Kf8 44. Re6 (44. Ne6+ $2 Kf7 $19) 44... Rde2 45. Kd5 Rd2+ {Dieser Zug
ist sicherer als der sofortige Turmtausch.} (45... Rxe6 46. Kxe6 $17 (46. Nxe6+
Kf7 $19)) 46. Ke5 Rd3 {[%cal Rd3g3,Rd3c3]} 47. Rg6 Re3+ (47... Rxg3 $2 48. Ne6+
$16 {[%cal Re6f8,Rg6g3]}) 48. Kd4 Re1 49. c4 Rd2+ 50. Kc5 Re5+ 51. Kc6 Rc2 {
[%csl Rc4] Weiß kann seinen Pc4 nicht verteidigen.} 52. Kd6 Ra5 53. Ne6+ Kf7
$19 {[%csl Re6,Rg6]} 54. Rxg7+ Kf6 {Weiß verliert weiteres Material, denn er
hat keine Verteidigung gegen 55...Rd2+ oder 55...Ra6+.} 0-1